000 00809nmc a2200289 a 4500
003 AR-BaBNM
005 20251128205738.0
008 138019s1977 ||||||||||||||000 | spa||
020 _a84-7432-019-4
040 _cAR-BaBNM
100 1 _aGramsci, Antonio
245 1 0 _aPasado y presente
260 _aBarcelona
_bGedisa
_c1977
300 0 _a285 p.
490 0 _aHombre y sociedad. mediaciones
_vv. 15
500 0 _aContiene apuntes y notas bibliográficas p. 169-179 y 281-285
650 4 _aTEORIA POLITICA
650 4 _aTEORIA POLITICA
650 4 _aFILOSOFIA POLITICA
650 4 _aCIENCIAS POLITICAS
650 4 _aSOCIOLOGIA POLITICA
650 4 _aMATERIALISMO HISTORICO
700 1 _aMacri, Manilo
_etraductor
800 1 _aLynch, Enrique
_edirector
942 _cBK
998 _cMariana
999 _c12650
_d12650